| Registos Bibliográficos associados ao registo de autoridade |
|
Etiqueta de registo: 00379nam 2200205 450 001 2263403 003 http://id.bnportugal.gov.pt/bib/catbnp/2263403 100 ## $a20260209f18951900m y0pory01030103ba 101 0# $afre 102 ## $aFR 106 ## $ar 200 1# $aContes en prose$fFrançois Coppé$gil. W. A. Lambrecht 210 #9 $aParis$cCalmann-Lévy,$d[189-] 215 ## $a106, [2] p. 225 2# $aNouvelle collection illustrée Calmann-Levy 317 ## $aBiblioteca João Evangelista Campos Lima$5PTBN: 700 #1 $aCoppé,$bFrançois,$f1842-1908$31206555 702 #1 $aLambrecht,$bW. A.,$f1876-1940$4440$31984318 801 #0 $aPT$bBN$gRPC 966 ## $lBN$mFGMON$pBiblioteca João Evangelista Campos Lima$x3 971 ## $cabrito$d20260209 975 ## $e0$d20260304$viquintas
|
|
|